Every County Seat in Ohio - Statistics

General Stats
  • This quiz has been taken 10 times
  • The average score is 53 of 88
Answer Stats
County City/Village % Correct
Hamilton Cincinnati
100%
Summit Akron
88%
Cuyahoga Cleveland
88%
Franklin Columbus
88%
Lorain Elyria
88%
Erie Sandusky
88%
Lucas Toledo
88%
Trumbull Warren
88%
Mahoning Youngstown
88%
Ashland Ashland
75%
Athens Athens
75%
Wood Bowling Green
75%
Stark Canton
75%
Montgomery Dayton
75%
Defiance Defiance
75%
Hancock Findlay
75%
Allen Lima
75%
Richland Mansfield
75%
Washington Marietta
75%
Medina Medina
75%
Jefferson Steubenville
75%
Champaign Urbana
75%
Wayne Wooster
75%
Crawford Bucyrus
63%
Carroll Carrollton
63%
Ross Chillicothe
63%
Coshocton Coshocton
63%
Delaware Delaware
63%
Gallia Gallipolis
63%
Darke Greenville
63%
Butler Hamilton
63%
Jackson Jackson
63%
Ashtabula Jefferson
63%
Hocking Logan
63%
Marion Marion
63%
Union Marysville
63%
Holmes Millersburg
63%
Henry Napoleon
63%
Tuscarawas New Philadelphia
63%
Putnam Ottawa
63%
Ottawa Port Clinton
63%
Portage Ravenna
63%
Seneca Tiffin
63%
Miami Troy
63%
Van Wert Van Wert
63%
Auglaize Wapakoneta
63%
Fayette Washington Court House
63%
Fulton Wauseon
63%
Greene Xenia
63%
Muskingum Zanesville
63%
Clermont Batavia
50%
Williams Bryan
50%
Mercer Celina
50%
Geauga Chardon
50%
Pickaway Circleville
50%
Preble Eaton
50%
Sandusky Fremont
50%
Brown Georgetown
50%
Highland Hillsboro
50%
Lawrence Ironton
50%
Hardin Kenton
50%
Fairfield Lancaster
50%
Warren Lebanon
50%
Madison London
50%
Vinton McArthur
50%
Morrow Mount Gilead
50%
Knox Mount Vernon
50%
Licking Newark
50%
Huron Norwalk
50%
Lake Painesville
50%
Paulding Paulding
50%
Meigs Pomeroy
50%
Scioto Portsmouth
50%
Shelby Sidney
50%
Clark Springfield
50%
Wyandot Upper Sandusky
50%
Pike Waverly
50%
Clinton Wilmington
50%
Logan Bellefontaine
38%
Harrison Cadiz
38%
Noble Caldwell
38%
Guernsey Cambridge
38%
Columbiana Lisbon
38%
Morgan McConnelsville
38%
Perry New Lexington
38%
Belmont Saint Clairsville
38%
Adams West Union
38%
Monroe Woodsfield
38%
No matching quizzes found
Score Distribution
Percent of People with Each Score
Percentile by Number Answered
Your Score History
You have not taken this quiz